000 00438nam a2200181Ia 4500
005 20231108110330.0
008 131103s9999 xx 000 0 und d
040 _aLoreto College
041 _aEnglish
082 _aF
_bSTR
100 _aStrange,Oliver
245 4 _aThe range robbers
_cOliver Strange
260 _aLondon
_bCorgi Books
_c1930
300 _a222 p.
650 _aFiction in English
850 _aLCLIB
942 _cBK
999 _c14152
_d64631